MARC details
| 000 -CABECERA |
| campo de control de longitud fija |
02656nam a22002777a 4500 |
| 005 - FECHA Y HORA DE LA ÚLTIMA TRANSACCIÓN |
| campo de control |
20260427114033.0 |
| 007 - CAMPO FIJO DE DESCRIPCIÓN FÍSICA--INFORMACIÓN GENERAL |
| campo de control de longitud fija |
cr |||aaa||||| |
| 008 - ELEMENTOS DE LONGITUD FIJA--INFORMACIÓN GENERAL |
| campo de control de longitud fija |
260427s2012 mx| |||| |||| 000 0 spa d |
| 040 ## - FUENTE DE LA CATALOGACIÓN |
| Centro catalogador/agencia de origen |
MX-MxUPN |
| Lengua de catalogación |
spa |
| Normas de descripción |
aacr2 |
| 041 0# - CÓDIGO DE IDIOMA |
| Código de lengua del texto/banda sonora o título independiente |
spa |
| 050 #4 - SIGNATURA TOPOGRÁFICA DE LA BIBLIOTECA DEL CONGRESO |
| Número de clasificación |
LB2335 M6 |
| 245 ## - MENCIÓN DE TÍTULO |
| Título |
El trabajo y las pensiones de los académicos en las universidades del siglo XXI |
| Medio |
[recurso electrónico en línea] |
| 250 ## - MENCIÓN DE EDICIÓN |
| Mención de edición |
Primera edición |
| 260 ## - PUBLICACIÓN, DISTRIBUCIÓN, ETC. |
| Lugar de publicación, distribución, etc. |
[México, D.F.] : |
| Nombre del editor, distribuidor, etc. |
Fontamara |
| 260 ## - PUBLICACIÓN, DISTRIBUCIÓN, ETC. |
| Lugar de publicación, distribución, etc. |
[Cuernavaca] : |
| Nombre del editor, distribuidor, etc. |
Universidad Autónoma del Estado de Morelos, |
| Fecha de publicación, distribución, etc. |
[2012?] |
| 300 ## - DESCRIPCIÓN FÍSICA |
| Extensión |
1 recurso en línea (256 páginas) : |
| Otras características físicas |
PDF |
| 490 0# - MENCIÓN DE SERIE |
| Mención de serie |
[Colección Argumentos ; |
| Designación de volumen o secuencia |
154] |
| 505 0# - NOTA DE CONTENIDO CON FORMATO PREESTABLECIDO |
| Título |
Generalidades de los sistemas de pensiones / |
| Mención de responsabilidad |
María Ascensión Morales Ramírez. -- |
| Título |
Pensiones y jubilaciones en los sistemas públicos nacionales / |
| Mención de responsabilidad |
Carlos Contreras Cruz. -- |
| Título |
La notoria inconstitucionalidad de las reformas hechas a las leyes federales de seguridad social en México / |
| Mención de responsabilidad |
Ángel Guillermo Ruiz Moreno. -- |
| Título |
Los estímulos al desempeño docente no causan impuesto sobre la renta / |
| Mención de responsabilidad |
Juan Manuel Ortega Maldonado. -- |
| Título |
Las pensiones y jubilaciones para los trabajadores académicos de la Universidad Autónoma del Estado de Morelos / |
| Mención de responsabilidad |
Gabriel Mendizábal Bermúdez, Iván Ruiz Soto. -- |
| Título |
La jubilación laboral y las pensiones para el retiro en la Universidad Autónoma de Chiapas / |
| Mención de responsabilidad |
Julio Ismael Camacho Solís. -- |
| Título |
Fideicomisos, una solución al problema de las pensiones en las universidades públicas / |
| Mención de responsabilidad |
Jacinto García Flores. -- |
| Título |
Las pensiones de los trabajadores académicos de la Universidad Autónoma de Chihuahua / |
| Mención de responsabilidad |
Jesús Villalobos Jión. -- |
| Título |
La inconstitucionalidad del sistema pensionario de la Universidad de Guadalajara / |
| Mención de responsabilidad |
Ángel Edoardo Ruiz Buenrostro. -- |
| Título |
Retos y reformas de las pensiones por jubilación en la Universidad de Guanajuato / |
| Mención de responsabilidad |
Mónica Colín Salgado, Salvador Francisco Ruiz Medrano. -- |
| Título |
Peculiaridades de seguridad social del personal docente investigador de las universidades españolas / |
| Mención de responsabilidad |
Juan Pablo Maldonado Montoya. -- |
| Título |
La inconstitucionaliad del sistema de sueldos y pensiones de profesores<br/>y docentes en Alemania–Análisis de la sentencia del Tribunal Constitucional Federal de 14 de febrero de 2012 / |
| Mención de responsabilidad |
Hans-Joachim Reinhard. |
| 506 0# - NOTA DE RESTRICCIONES AL ACCESO |
| Limitaciones de acceso |
Acceso abierto |
| 650 #4 - ASIENTO SECUNDARIO DE MATERIA - TERMINO TEMATICO |
| Término de materia o nombre geográfico como elemento de entrada |
Maestros universitarios |
| Subdivisión general |
Salarios, pensiones, etc. |
| Subdivisión geográfica |
México |
| 9 (RLIN) |
59383 |
| 650 #4 - ASIENTO SECUNDARIO DE MATERIA - TERMINO TEMATICO |
| Término de materia o nombre geográfico como elemento de entrada |
Maestros universitarios |
| Subdivisión general |
Salarios, pensiones, etc. |
| Subdivisión geográfica |
Europa |
| 9 (RLIN) |
59384 |
| 700 1# - ASIENTO SECUNDARIO--NOMBRE DE PERSONAL |
| Nombre de persona |
Mendizábal Bermúdez, Gabriela |
| 9 (RLIN) |
59382 |
| Término indicativo de función/relación |
coordinación |
| 856 40 - LOCALIZACIÓN Y ACCESO ELECTRÓNICOS |
| Identificador Uniforme del Recurso |
<a href="http://riaa.uaem.mx/handle/20.500.12055/171">http://riaa.uaem.mx/handle/20.500.12055/171</a> |
| 902 ## - ELEMENTOS DE DATOS B LOCAL, LDB (RLIN) |
| Creó |
VíctorGodínez/270426 |
| 942 ## - ELEMENTOS DE PUNTO DE ACCESO ADICIONAL (KOHA) |
| Fuente del sistema de clasificación o colocación |
Library of Congress Classification |
| Tipo de ítem Koha |
Libro Electrónico |